000 00831nam a2200193Ia 4500
008 151121s9999||||xx |||||||||||||| ||und||
082 _a833- / झारी
082 _bHNW-77658
100 _aझारी विजयदेव - संपा ।
245 _aमुस्लिम-परिवेश की विशिष्ट कहानियाँ
260 _bलिट्रेसी हाऊस
260 _c--
300 _a176
600 _aझारी विजयदेव - संपा ।
630 _aमुस्लिम-परिवेश की विशिष्ट कहानियाँ
700 _aझारी विजयदेव - संपा ।
730 _aमुस्लिम-परिवेश की विशिष्ट कहानियाँ
942 _cBOOK
999 _c1259074
_d1259071